000 00486nam a2200205Ia 4500
999 _c29983
_d29983
003 0100
005 20180129143204.0
008 130303s9999 xx 000 0 und d
040 _cARRUPELIB
050 _aDT61.D6513 1974
100 _aDiop, Cheikh Anta
_932345
245 4 _aThe African origin of civilization:
_bmyth and reality /
260 _aChicago
_bLawrence Hill Books
_c1974
300 _axvii
300 _b 317p. 22cm.
650 _aNegroes in Egypt
_938993
650 _aNegro race
_xHistory
_938994
650 _aEgypt - -
_xCivilization
_yto 332 B. C.
_938995
700 _aCook, Mercer tr.
_938996
942 0 0 _01
_2lcc
_cMONOGRAPH